000
00270nam a2200097Ia 4500
001
1207215
005
20251017100936.0
008
250824s9999 xx 000 0 und d
245
0
_a
İKİ HÖDÜĞÜN SEYAHATİ
_c
HÜSEYİN RAHMİ GÜRPINAR
260
_b
ÖZGÜR YAYINLARI
999
_c
1207215
_d
1207215